Produkcia bioaktívnych látok streptomycétami bakalárska práca

Gespeichert in:
Bibliographische Detailangaben
1. Verfasser: Šimuniová, Zuzana
Format: Buch
Sprache:Slowakisch
Veröffentlicht: Bratislava STU FCHPT 2016
Online-Zugang:Im OPAC anzeigen
Tags: Tag hinzufügen
Keine Tags, Fügen Sie das erste Tag hinzu!

MARC

LEADER 00000nam a2200000 a 4500
005 20260127134121.0
008 160822 2016 000 0 slo d
035 |a vtls011574410 
039 9 |y 201608220931  |z mschk03 
040 |a STUSCHK1  |b slo  |c STUSCHK1  |e AACR2 
100 1 |a Šimuniová, Zuzana 
245 1 |a Produkcia bioaktívnych látok streptomycétami  |b bakalárska práca  |c Zuzana Šimuniová 
260 |a Bratislava  |b STU FCHPT  |c 2016 
300 |a 49 s.  |b il.  |c 25 cm 
500 |a Študijný program: biotechnológia a potravinárska technológia 
500 |a Študijný odbor: biotechnologie 
500 |a Školiace pracovisko: Ústav biotechnológie 
500 |a Evid. číslo: FCHPT-13567-63613 
910 |a SCHK95 
999 |c 4457  |d 4457